000
00338pab a2200145 454500
008
180718b1985 xxu||||| |||| 00| 0 eng d
100
_a
Rajaiah, B.
245
_a
Reaching the rural poor
_b
Some reflections
260
_c
1985
300
_a
27-9
362
_a
Dec.
650
_a
Poverty - India
773
_a
Kurukshetra
909
_a
15861
999
_c
15861
_d
15861